00694 2200229 4500001002100000005001500021035002500036090001400061245013900075260003700214300003100251040001200282082001000294084002000304650004800324850001200372041000800384008004100392250000700433990001200440990001200452YOGYA00000000002507220180703081414 a0010-081400000024790 aL 33.5 Ne aToelichling ver Nieuwe Regeling Omtrent de Verkrijging van Gronden Voor Landbouwdoeleinden in de Residentien Soerakarta en Djokjakarta aBatavia :bLandsdrukkerij,c1918 a300 hlm. :bilus ;c21 cm. aYOPDYOG a333.5 aL 333.5 TOE (1) aRenting and Leasing Land/Sewa Menyewa Tanah aYOPDYOG07adut180703 g 0 dut  a20 a40400-a a40401-A